000 00646nam a2200229 a 4500
999 _c1644
_d1644
001 1644
003 BD-JhCC
005 20180304111838.0
008 171022s2009 bg a|||| ||a| 000 0 ben d
020 _a9847015601270
035 _a(BD-JhCC)1644
040 _aBD-JhCC
_dBD-JhCC
041 _aeng
082 _222
_a891.4487109
_bDIN 2009
100 _aদীন, সেলিম আল
245 _aদিনলিপি /
_cসেলিম আল দীন
260 _aঢকা :
_bমাওলা ব্রাদার্স,
_c২০০৯.
300 _a408 p. :
_c22 cm.
650 _aBiography
942 _2ddc
_cBK